[Event "TUR Cup"]
[Site "Antalya"]
[Date "2020.01.28"]
[Round "4"]
[White "Cebis, Ahmet"]
[Black "Yalcindag, Hakan"]
[Result "1/2-1/2"]
[WhiteElo "1512"]
[BlackElo "1488"]
[PlyCount "89"]
[EventDate "2020.01.26"]
[EventType "swiss"]
[EventRounds "11"]
[EventCountry "TUR"]
[SourceTitle "CBM 194 Extra"]
[Source "ChessBase"]
[SourceDate "2020.03.31"]
[SourceVersion "1"]
[SourceVersionDate "2020.03.31"]
[SourceQuality "1"]

1. e4 c5 2. c3 d5 3. exd5 Qxd5 4. d4 Nc6 5. Nf3 Bg4 6. Be2 Nf6 7. h3 Bh5 8. 0-0 e6 9. Be3 cxd4 10. cxd4 Bb4 11. a3 Ba5 12. b4 Bb6 13. Nc3 Qd6 14. Nb5 Qd7 15. Ne5 Nxe5 16. dxe5 Bxe2 17. Nd6+ Ke7 18. Qxe2 Nd5 19. Bc5 Bxc5 20. bxc5 Qc6 21. Qg4 Qxc5 22. Rfc1 Qa5 23. Qxg7 Raf8 24. Nxb7 Qd2 25. Rd1 Qf4 26. g3 Rhg8 27. gxf4 Rxg7+ 28. Kf1 Nxf4 29. Rac1 Nd5 30. Nd6 Rg5 31. Nb5 Rxe5 32. Nxa7 Rh5 33. Nc8+ Kf6 34. Rd3 Rh4 35. Nd6 Ra4 36. Rf3+ Ke7 37. Nb5 Rb8 38. Nc3 Nxc3 39. Rcxc3 Rb7 40. Rg3 Rba7 41. Kg2 Rf4 42. Rg7 h6 43. Rh7 Rf6 44. Rh8 Rg6+ 45. Kh2 1/2-1/2

[Event "TUR Cup"]
[Site "Antalya"]
[Date "2020.01.26"]
[Round "1"]
[White "Aysoy, Veysi"]
[Black "Cebis, Ahmet"]
[Result "0-1"]
[WhiteElo "1869"]
[BlackElo "1512"]
[PlyCount "88"]
[EventDate "2020.01.26"]
[EventType "swiss"]
[EventRounds "11"]
[EventCountry "TUR"]
[SourceTitle "CBM 194 Extra"]
[Source "ChessBase"]
[SourceDate "2020.03.31"]
[SourceVersion "1"]
[SourceVersionDate "2020.03.31"]
[SourceQuality "1"]

1. e4 c6 2. d3 d5 3. Nd2 dxe4 4. dxe4 Qc7 5. Bc4 Nf6 6. Ngf3 Nbd7 7. c3 e6 8. 0-0 Ne5 9. Be2 Bc5 10. b4 Be7 11. Qc2 Ng6 12. Re1 0-0 13. Bf1 c5 14. b5 b6 15. a4 a5 16. bxa6 Bxa6 17. Bxa6 Rxa6 18. Qd3 Rfa8 19. Qb5 Ra5 20. Qb3 b5 21. Rb1 c4 22. Qc2 bxa4 23. Qa2 a3 24. g3 Nd7 25. Nxc4 Ra4 26. Nfd2 Nge5 27. Nxe5 Nxe5 28. Rb3 Nd3 29. Rf1 Qd6 30. c4 Nb4 31. Rxb4 Qxb4 32. Kg2 Bf6 33. f4 Bb2 34. f5 Bxc1 35. Rxc1 Qb2 36. Qxb2 axb2 37. Rb1 exf5 38. Kf3 fxe4+ 39. Kxe4 Rb8 40. Kd3 Ra1 41. Kc3 Rxb1 42. Nxb1 Kf8 43. Kc2 Ke7 44. Nc3 Kd6 0-1